000 00609nam a2200229Ia 4500
003 OSt
005 20220918185939.0
006 a|||||r|||| 00| 0
007 ta
008 220917b |||||||| |||| 00| 0 eng d
024 _a53,715
037 _cTextual
040 _aARTS
_cARTS
_beng
041 _2eng
_aeng
082 _aP15:10A28:3x1:1, 111K5
100 _aYaska
245 0 _aNirukta 1 and 7-1-13 with Durgacharyya's tika ed by Kumudarakan Ray
260 _c1965
650 _aLINGUISTICS
942 _hP15:10A28:3x1:1, 111K5
_cTEXL
_2CC
999 _c182772
_d182772